000 00715cam a2200265 i 4500
001 768714001
003 CO-MdFUSB
005 20240604104732.0
007 ta
008 240601t1958 -us||||| |||| 00| 0 eng d
040 _cCO-MdFUSB
041 0 _aeng
082 0 4 _224
_a234
_b W1772g
100 1 _aWalker, James B. (Barr) (1805-1887)
_eautor
245 1 0 _aGod's wisdom in the plan of salvation
_c/ James Walker
264 1 _bHigley Press,
_aButler, Indiana, USA :
_c[1958]
264 4 _c©1958
300 _a205 Pag
336 _atexto
_btxt
_2rdacontent
337 _2rdamedia
_asin mediación
_bn
338 _2rdacarrier
_avolumen
_bnc
653 _aSoteriología
942 _cBK
945 _aEstudiante
999 _c34824
_d34824